Metódy a niektoré výsledky skúšok zavesených mostných sústav pri zaťažení vetrom

Bibliographic Details
Main Author: Bujňák, Ján, 1950- (Author)
Format: Article
Language:Slovak
PhysicalDescription:Obr. 2., lit. 8 zázn. v češ., angl., nem., franc.
Subjects:

MARC

LEADER 00000nab a2200000 a 4500
001 vtls000233559
003 SK-MaSNL
005 20260303195022.0
008 160204c1985 xo 0 slo
015 |a SNBRA19rr/mm-uuuuu 
035 |a CL0243673 
040 |a SNKBUCL  |b slo  |c SNKBUCL  |e AACR2 
041 0 |a slo 
044 |a xo  |c SK 
080 |a 624.042.4:624.071.2  |2 1981 
080 |a 624.071.2  |2 1981 
080 |a 624.5.071.2/.3  |2 1981 
100 1 |a Bujňák, Ján,  |d 1950-  |4 aut  |9 108207 
245 1 0 |a Metódy a niektoré výsledky skúšok zavesených mostných sústav pri zaťažení vetrom  |c Ján Bujňák 
300 |b Obr. 2., lit. 8 zázn. v češ., angl., nem., franc. 
650 0 7 |a mostné konštrukcie  |2 snkbucl  |9 74313 
650 0 7 |a zaťaženie konštrukcií  |2 snkbucl  |9 69056 
650 0 7 |a vietor atmosferický  |2 snkbucl  |9 934018 
655 7 |a články zo zborníkov  |2 snkbucl  |9 166140 
773 0 |t Zaťaženie vetrom stavebných a dopravných konštrukcií  |d Žilina : Dom techniky ČSVTS, 1985  |g S. 54-64 
850 |a Slovenská národná knižnica v Martine  |a MTA001 
852 |a SNK  |b KIS3GCP 
958 |a NB 
958 |a RK 
992 |a RZB 
999 |c 2160569  |d 2162499